Т. 1; Полное собрание сочинений; Шалый, или Все невпопад; Любовная досада; Смешные жеманницы; Сганарель, или Мнимый рогоносец; Дон Гарсия Наваррский, или Ревнивый принц; Урок мужьям; Докучные; Урок женам; Критика "Урока женам"; Версальский экспромт
| Parent link: | Полное собрание сочинений: в 4 т./ Мольер. Т. 1.— , 1965- |
|---|---|
| অন্যান্য লেখক: | |
| ভাষা: | রুশ |
| প্রকাশিত: |
1965
|
| TOC: | Шалый, или Все невпопад; Любовная досада; Смешные жеманницы; Сганарель, или Мнимый рогоносец; Дон Гарсия Наваррский, или Ревнивый принц; Урок мужьям; Докучные; Урок женам; Критика "Урока женам"; Версальский экспромт; |
| বিষয়গুলি: | |
| বিন্যাস: | গ্রন্থ |
| KOHA link: | https://koha.lib.tpu.ru/cgi-bin/koha/opac-detail.pl?biblionumber=113817 |
MARC
| LEADER | 00000nam2a2200000 4500 | ||
|---|---|---|---|
| 001 | 113817 | ||
| 005 | 20231031122026.0 | ||
| 035 | |a (RuTPU)RU\TPU\book\123081 | ||
| 090 | |a 113817 | ||
| 100 | |a 20070417d1965 m y0rusy50 ca | ||
| 101 | 1 | |a rus |c fre | |
| 102 | |a RU | ||
| 105 | |a y z 000ay | ||
| 200 | 0 | |a Т. 1 |f авт. предисл. Г. Н. Бояджиев | |
| 210 | |d 1965 | ||
| 215 | |a 671 с. |c ил. | ||
| 461 | 1 | |0 (RuTPU)RU\TPU\book\123079 |t Полное собрание сочинений |o в 4 т. |o пер. с фр. |f Мольер |v Т. 1 |d 1965- | |
| 464 | |t Шалый, или Все невпопад | ||
| 464 | |t Любовная досада | ||
| 464 | |t Смешные жеманницы | ||
| 464 | |t Сганарель, или Мнимый рогоносец | ||
| 464 | |t Дон Гарсия Наваррский, или Ревнивый принц | ||
| 464 | |t Урок мужьям | ||
| 464 | |t Докучные | ||
| 464 | |t Урок женам | ||
| 464 | |t Критика "Урока женам" | ||
| 464 | |t Версальский экспромт | ||
| 610 | 1 | |a французская литература | |
| 610 | 1 | |a драма | |
| 675 | |a 84 |v 3 | ||
| 702 | 1 | |a Бояджиев |b Г. Н. |4 080 | |
| 801 | 1 | |a RU |b 63413507 |c 20070417 |g PSBO | |
| 801 | 2 | |a RU |b 63413507 |c 20161221 |g PSBO | |
| 942 | |c BK | ||